| 000 | 00691 a2200181 4500 | ||
|---|---|---|---|
| 003 | Nust | ||
| 005 | 20170207153158.0 | ||
| 040 | _cNust | ||
| 082 | _a005.8 | ||
| 100 | _aMuhammad,Talha (Cryptology-1) | ||
| 245 |
_aDesign and analysis of symmetric cryptographic algorithm based on 256-bit key or greater for computer communications _cTalha Muhammad |
||
| 260 |
_bMCS _cMay,1999 |
||
| 300 | _a65 p. | ||
| 505 | _aIntroduction (page-1), Existing encryption algorithms (page-11), DES GOST and IDEA implementations (page-26), Proposed symmetric cryptographic algorithm (page-40), Cryptoanalysis rules (page-57). | ||
| 538 | _aT2 and Shelf No 2 | ||
| 650 | _aMSIS Thesis | ||
| 651 | _a(Cryptology-1) | ||
| 942 | _cTHS | ||
| 999 |
_c180874 _d180874 |
||